| 000 | 00590nam a2200241Ia 4500 | ||
|---|---|---|---|
| 003 | OSt | ||
| 005 | 20221005115551.0 | ||
| 006 | a|||||r|||| 00| 0 | ||
| 007 | ta | ||
| 008 | 221004b |||||||| |||| 00| 0 kan d | ||
| 024 | _a59265 | ||
| 037 | _cTextual | ||
| 040 |
_aCRL _cCRL _bkan |
||
| 041 |
_2kan _akan |
||
| 082 | _aNQ41wMCH, 33K0 | ||
| 100 |
_aChiang Au. _9627763 |
||
| 245 | 0 | _aChinadali nanne balya | |
| 260 | _c1960 | ||
| 650 |
_a PAINTING _934359 |
||
| 650 | _aARTS | ||
| 942 |
_hNQ41wMCH, 33K0 _cTEXL _2cc |
||
| 999 |
_c1035230 _d1035230 |
||